[Event "AUTO-ADV-4755"]
[Site "http://www.queenalice.com/game.php?id=1828061"]
[Date "2023.12.28"]
[Round "1"]
[White "Carlos19"]
[Black "Arnoldus"]
[Result "0-1"]
[WhiteElo "1599"]
[BlackElo "1760"]

1. e4 d5 2. e5 c5 3. d4 cxd4 4. Qxd4 Nc6 5. Qf4 g5 6. Qg3 Nh6 7. Qxg5 Rg8 8. Qh5
Bg4 9. Qh4 Qa5+ 10. Nc3 d4 11. h3 dxc3 12. b3 Qxe5+ 13. Ne2 Nb4 14. hxg4 Nxc2+
15. Kd1 O-O-O+ 16. Bd2 Rxd2+ 17. Kc1 Qe4 18. f3 Rd1+ 19. Kxd1 Qd3+ 20. Kc1 Qd2+
21. Kb1 Na3# 0-1

[Event "AUTO-ADV-4755"]
[Site "http://www.queenalice.com/game.php?id=1833297"]
[Date "2024.3.12"]
[Round "2"]
[White "Tartenfou93"]
[Black "Arnoldus"]
[Result "0-1"]
[WhiteElo "1968"]
[BlackElo "1918"]

1. d4 Nf6 2. Bf4 g6 3. Nc3 d5 4. Qd2 Bg7 5. O-O-O c6 6. Bh6 Bxh6 7. e3 Bf5 8. f3
c5 9. Nge2 cxd4 10. Nxd4 Bd7 11. h4 e5 12. Ndb5 Bc6 13. g4 a6 14. Na3 Bf8 15.
Nab1 Bc5 16. g5 Qb6 17. Re1 Nh5 18. Nxd5 Bxd5 19. Qxd5 Bxe3+ 20. Nd2 O-O 21.
Qxe5 Bxd2+ 22. Kxd2 Nc6 23. Qc3 Qd4+ 24. Qxd4 Nxd4 25. Bg2 Rad8 26. Kc1 Nf4 27.
Bf1 Nxf3 28. Re4 Rfe8 29. Rxe8+ Rxe8 30. Kd1 Re1# 0-1

[Event "AUTO-ADV-4755"]
[Site "http://www.queenalice.com/game.php?id=1833298"]
[Date "2024.3.12"]
[Round "2"]
[White "Arnoldus"]
[Black "Tartenfou93"]
[Result "1-0"]
[WhiteElo "1868"]
[BlackElo "1985"]

1. d4 d5 2. c4 Nf6 3. cxd5 Nxd5 4. e4 Nf6 5. Bd3 c5 6. d5 Qc7 7. Nc3 e6 8. Nf3
exd5 9. e5 Ng4 10. Nxd5 Qc6 11. Bb5 1-0

[Event "AUTO-ADV-4755"]
[Site "http://www.queenalice.com/game.php?id=1833301"]
[Date "2024.3.12"]
[Round "2"]
[White "maurice916"]
[Black "Arnoldus"]
[Result "0-1"]
[WhiteElo "1841"]
[BlackElo "1889"]

1. Nf3 e6 2. b3 d5 3. Bb2 Nf6 4. e3 Bd6 5. c4 Nbd7 6. cxd5 exd5 7. Be2 O-O 8.
O-O Re8 9. d4 c6 10. Nbd2 Ne4 11. a3 Ndf6 12. Rc1 Nxd2 13. Nxd2 Bf5 14. b4 Ne4
15. Nxe4 Bxe4 16. f4 Qe7 17. Rc3 a5 18. b5 cxb5 19. Re1 b4 20. Rb3 a4 21. Bb5
axb3 22. Bxe8 bxa3 23. Bxf7+ Qxf7 24. Qxb3 Qg6 25. Re2 axb2 26. Qxb2 h5 27. Re1
h4 28. Kh1 h3 29. Kg1 Bxg2 30. Kf2 Qg4 31. Qe2 Qh4+ 32. Kg1 Ra2 33. Qb5 Qxe1+
0-1

[Event "AUTO-ADV-4755"]
[Site "http://www.queenalice.com/game.php?id=1833302"]
[Date "2024.3.12"]
[Round "2"]
[White "Arnoldus"]
[Black "maurice916"]
[Result "1-0"]
[WhiteElo "1903"]
[BlackElo "1875"]

1. d4 d5 2. c4 c6 3. cxd5 cxd5 4. Bf4 Nc6 5. Nf3 Nf6 6. Nc3 Bf5 7. Qb3 Na5 8.
Qa4+ Bd7 9. Qc2 Rc8 10. e3 e6 11. Bd3 h6 12. O-O Be7 13. Ne5 Nc4 14. Qe2 O-O 15.
Nxc4 dxc4 16. Bxc4 a6 17. a4 Bc6 18. Bd3 Nd5 19. Bg3 Nf6 20. a5 Nd5 21. Rfc1 Nf6
22. Bh4 Nd5 23. Nxd5 Bxh4 24. Nb6 Rb8 25. b4 Qe7 26. g3 Bf6 27. b5 axb5 28. Bxb5
Bxb5 29. Qxb5 Rfd8 30. Rc5 g6 31. Rac1 Qd6 32. Rc7 Bg7 33. R1c5 Bf8 34. Nd7 Ra8
35. Qxb7 Be7 36. R5c6 Qa3 37. a6 Kg7 38. a7 Bd6 39. Rc8 Rdxc8 40. Rxc8 Rxa7 41.
Qc6 Be7 42. Ne5 Qa2 43. Qe8 Qb1+ 44. Kg2 Qe4+ 45. f3 Ra2+ 46. Kh3 Qf5+ 47. g4
Rxh2+ 48. Kxh2 Qg5 49. Qh8# 1-0

[Event "AUTO-ADV-4755"]
[Site "http://www.queenalice.com/game.php?id=1833303"]
[Date "2024.3.12"]
[Round "2"]
[White "Canaye14"]
[Black "Arnoldus"]
[Result "0-1"]
[WhiteElo "1939"]
[BlackElo "1829"]

1. d4 Nf6 2. c4 e6 3. Nc3 Bb4 4. Qc2 d5 5. h3 dxc4 6. Bf4 Qxd4 7. Bxc7 Qc5 8.
Be5 Qxe5 9. e3 b5 10. Nf3 Bxc3+ 11. bxc3 Qc5 12. Be2 Bb7 13. O-O Nbd7 14. Rad1
Be4 15. Qb2 O-O 16. Nd2 Bc6 17. Bf3 Ne5 18. Bxc6 Qxc6 19. Qb1 Rad8 20. f4 Nd3
21. f5 exf5 22. Rxf5 Nd5 23. Rdf1 Nxe3 24. Qxb5 Qxg2# 0-1

[Event "AUTO-ADV-4755"]
[Site "http://www.queenalice.com/game.php?id=1833304"]
[Date "2024.3.12"]
[Round "2"]
[White "Arnoldus"]
[Black "Canaye14"]
[Result "1-0"]
[WhiteElo "1849"]
[BlackElo "1926"]

1. d4 e6 2. e4 d5 3. Nc3 dxe4 4. Nxe4 Nd7 5. Nf3 Ngf6 6. Nxf6+ Nxf6 7. Bd3 Be7
8. O-O c5 9. dxc5 O-O 10. Be3 Nd5 11. Bg5 Bxg5 12. c4 Nb4 13. Be4 Qxd1 14. Raxd1
f5 15. Bxb7 Bxb7 16. Nxg5 Rfe8 17. Rd6 e5 18. a3 Nd3 19. Rxd3 h6 20. Nh3 g5 21.
f3 Rac8 22. b4 e4 23. fxe4 Bxe4 24. Rd6 Kg7 25. Rd7+ Kg6 26. Rd6+ Kh5 27. Nf2 g4
28. Nxe4 Rxe4 29. Rxf5+ Kh4 30. Rxh6# 1-0

[Event "AUTO-MASTER-3211"]
[Site "http://www.queenalice.com/game.php?id=1834665"]
[Date "2024.4.6"]
[Round "1"]
[White "chessman"]
[Black "Arnoldus"]
[Result "0-1"]
[WhiteElo "1875"]
[BlackElo "1963"]

1. e4 d5 2. exd5 Qxd5 3. Nc3 Qd8 4. Bc4 c5 5. Nf3 Bg4 6. Bxf7+ Kxf7 7. Ng5+ Ke8
8. Qxg4 Nc6 9. Qe6 Nh6 10. O-O Qd7 11. Qe4 Qd4 12. Qe2 Qg4 13. Ne6 Qxe2 14. Nxe2
Rc8 15. Nxc5 Nb4 16. Nxb7 Rxc2 17. Nc3 e5 18. a3 Nd3 19. b4 Nf5 20. Ne4 Nd4 21.
Nc3 Nb3 22. Nc5 Bxc5 23. bxc5 Nxa1 0-1

[Event "AUTO-MASTER-3211"]
[Site "http://www.queenalice.com/game.php?id=1834666"]
[Date "2024.4.6"]
[Round "1"]
[White "Arnoldus"]
[Black "chessman"]
[Result "1-0"]
[WhiteElo "1949"]
[BlackElo "1889"]

1. d4 d5 2. c4 c6 3. Nc3 e6 4. e4 dxe4 5. Nxe4 Nd7 6. Nf3 Ngf6 7. Bd3 Nxe4 8.
Bxe4 Nf6 9. Bc2 Be7 10. O-O O-O 11. Qe2 a6 12. Bg5 Qc7 13. Ne5 c5 14. dxc5 Qxc5
15. Rad1 h6 16. Bxf6 Bxf6 17. Qe4 g6 18. Nxg6 Bg7 19. Ne7+ 1-0

[Event "AUTO-MASTER-3211"]
[Site "http://www.queenalice.com/game.php?id=1834677"]
[Date "2024.4.6"]
[Round "1"]
[White "rmvwoods"]
[Black "Arnoldus"]
[Result "0-1"]
[WhiteElo "2116"]
[BlackElo "2006"]

1. d4 d5 2. c4 c6 3. Nf3 Nf6 4. e3 Bf5 5. cxd5 cxd5 6. Nc3 e6 7. Be2 a6 8. Qa4+
Nbd7 9. Ne5 b5 10. Qb3 Nxe5 11. dxe5 Nd7 12. f4 Qh4+ 13. g3 Qh3 14. Bf1 Qg4 15.
Be2 Qg6 16. e4 Bxe4 17. Nxe4 Qxe4 18. Qf3 Bb4+ 19. Bd2 Bxd2+ 20. Kxd2 Qd4+ 21.
Qd3 Qxb2+ 22. Qc2 Qd4+ 23. Qd3 Qb6 24. Qe3 d4 25. Qf3 Qa5+ 26. Kc2 Rc8+ 27. Kd1
O-O 28. Bd3 Rc3 29. Ke2 Nc5 30. Rhd1 Qa3 31. Rab1 Rxd3 32. Rxd3 Qxa2+ 33. Kf1
Qxb1+ 34. Rd1 Qc2 35. Rxd4 b4 36. Qe3 b3 37. Rd2 Qc1+ 38. Qe1 b2 39. Rd1 Nd3 0-1

[Event "AUTO-MASTER-3211"]
[Site "http://www.queenalice.com/game.php?id=1834678"]
[Date "2024.4.6"]
[Round "1"]
[White "Arnoldus"]
[Black "rmvwoods"]
[Result "1-0"]
[WhiteElo "1985"]
[BlackElo "2106"]

1. d4 d5 2. c4 e6 3. cxd5 exd5 4. Nc3 Nf6 5. Bg5 Be7 6. e3 Nbd7 7. Bd3 O-O 8.
Nf3 Re8 9. O-O h6 10. Bxf6 Nxf6 11. Ne5 Bd6 12. f4 Bxe5 13. fxe5 Nh7 14. Qc2 Nf8
15. Nxd5 Qxd5 16. Bc4 Qd7 17. Rxf7 Qxf7 18. Bxf7+ Kxf7 19. Qxc7+ Bd7 20. Rf1+
Kg8 21. Rxf8+ Rxf8 22. Qxd7 Rf7 23. Qd5 Rf8 24. h3 Kh8 25. e6 Re7 26. Qd6 Rfe8
27. d5 Kh7 28. e4 Kg6 29. Qg3+ Kh7 30. Qe5 Kg8 31. Kh2 Kh7 32. Kg3 g6 33. Kf4
Rf8+ 34. Ke3 h5 35. d6 1-0

[Event "AUTO-MASTER-3211"]
[Site "http://www.queenalice.com/game.php?id=1834685"]
[Date "2024.4.6"]
[Round "1"]
[White "Arnoldus"]
[Black "Canaye14"]
[Result "1-0"]
[WhiteElo "1936"]
[BlackElo "1853"]

1. d4 e6 2. g3 d5 3. Bg2 c5 4. Nf3 Nc6 5. O-O Nf6 6. c4 cxd4 7. cxd5 Nxd5 8.
Nxd4 Nxd4 9. Qxd4 Nf6 10. Qxd8+ Kxd8 11. Rd1+ Ke7 12. Bf4 Ne8 13. Nc3 g6 14.
Rac1 Bg7 15. Nb5 a6 16. Nc7 Ra7 17. Bg5+ Bf6 18. Nxe8 Rxe8 19. Rc7+ Bd7 20.
Rdxd7+ Kf8 21. Rxf7+ Kg8 22. Bxf6 1-0

[Event "AUTO-MASTER-3211"]
[Site "http://www.queenalice.com/game.php?id=1834686"]
[Date "2024.4.6"]
[Round "1"]
[White "Canaye14"]
[Black "Arnoldus"]
[Result "0-1"]
[WhiteElo "1831"]
[BlackElo "1975"]

1. d4 Nf6 2. c4 g6 3. Nf3 Bg7 4. Nc3 d5 5. e3 O-O 6. cxd5 Nxd5 7. Bd3 c5 8. Qc2
Nb4 9. Qe2 Bg4 10. Bb1 cxd4 11. exd4 N8c6 12. Be3 Nxd4 13. Qd1 Nxf3+ 14. gxf3
Qxd1+ 15. Nxd1 Bxf3 16. Rg1 Bxb2 17. Nxb2 Rac8 18. a3 Nc2+ 19. Bxc2 Rxc2 20. Nd3
Be4 21. Nc5 Bc6 22. Kd1 Rc4 23. Rc1 Bf3+ 24. Kd2 Rd8+ 25. Nd3 b5 26. Rg3 Be4 27.
Bh6 Rxc1 28. Kxc1 Bxd3 29. Re3 Rd7 30. Bg5 f6 31. Bf4 g5 32. Bg3 h5 33. h4 g4
34. f3 gxf3 35. Rxf3 Kf7 36. Bf2 e5 37. Bxa7 e4 38. Rxd3 Rxd3 39. Kb2 Kg6 40.
Bc5 Kf5 41. Kc2 Kg4 42. Bf2 Rxa3 43. Kb2 Rh3 44. Kc1 Rxh4 45. Bd4 f5 46. Kd2 Rh3
47. Ke2 b4 48. Kd2 Rd3+ 0-1

[Event "AUTO-MASTER-3211"]
[Site "http://www.queenalice.com/game.php?id=1841200"]
[Date "2024.8.1"]
[Round "2"]
[White "Guilherme_Ottoni"]
[Black "Arnoldus"]
[Result "0-1"]
[WhiteElo "2216"]
[BlackElo "2028"]

1. e4 d5 2. exd5 Qxd5 3. Nc3 Qd8 4. d4 Nf6 5. Nf3 Bg4 6. h3 Bxf3 7. Qxf3 c6 8.
Be3 e6 9. O-O-O Bb4 10. Ne4 Nxe4 11. Qxe4 Qd5 12. Qxd5 cxd5 13. c4 dxc4 14. Bxc4
Nd7 15. Kc2 Nb6 16. Kb3 Nxc4 17. Kxc4 Bd6 18. d5 e5 19. Kb5 a6+ 20. Kb6 O-O-O
21. Rc1+ Kb8 22. Rhd1 Rd7 23. Ka5 Bc7+ 24. Bb6 Bxb6+ 25. Kxb6 Rhd8 26. Rc5 Rd6+
27. Ka5 b6+ 0-1

[Event "AUTO-MASTER-3211"]
[Site "http://www.queenalice.com/game.php?id=1841201"]
[Date "2024.8.1"]
[Round "2"]
[White "Arnoldus"]
[Black "Guilherme_Ottoni"]
[Result "1-0"]
[WhiteElo "2052"]
[BlackElo "2198"]

1. d4 Nf6 2. c4 g6 3. Nc3 d5 4. cxd5 Nxd5 5. e4 Nxc3 6. bxc3 Bg7 7. Be3 c5 8.
Nf3 Qa5 9. Qd2 O-O 10. Rc1 cxd4 11. cxd4 Qxd2+ 12. Nxd2 Nc6 13. Nb3 Rd8 14. d5
Nb4 15. Bd2 a5 16. a3 Bb2 17. axb4 Bxc1 18. Nxc1 axb4 19. Bd3 e6 20. Bg5 Ra1 21.
O-O Rd7 22. Bf6 Ra3 23. Re1 h5 24. h4 b6 25. Bb5 Rda7 26. Nd3 b3 27. Rc1 Ra8 28.
d6 b2 29. Bxb2 R3a5 30. Bc6 Rb8 31. Bf6 Ba6 32. d7 Bxd3 33. Bb7 Rc5 34. Rxc5
bxc5 35. Bc8 1-0

[Event "Challenge"]
[Site "http://www.queenalice.com/game.php?id=1849638"]
[Date "2024.12.31"]
[Round "-"]
[White "jogo"]
[Black "Arnoldus"]
[Result "0-1"]
[WhiteElo "1937"]
[BlackElo "2085"]

1. e4 d5 2. Nf3 dxe4 3. Ng5 Bf5 4. g4 Bg6 5. Nc3 h5 6. gxh5 Bxh5 7. Be2 Bxe2 8.
Qxe2 Nc6 9. Qxe4 Nf6 10. Qe2 Qd7 11. Qc4 e5 12. Nce4 Nd4 13. Nxf6+ gxf6 14. Ne4
O-O-O 15. Nxf6 Qf5 16. Nd5 Rxd5 17. Qxd5 Qg4 0-1

[Event "Challenge"]
[Site "http://www.queenalice.com/game.php?id=1849639"]
[Date "2024.12.31"]
[Round "-"]
[White "Arnoldus"]
[Black "jogo"]
[Result "1-0"]
[WhiteElo "2074"]
[BlackElo "1948"]

1. d4 Nf6 2. c4 g6 3. Nf3 d5 4. cxd5 Nxd5 5. e4 Nf6 6. Qc2 Bg7 7. Be2 O-O 8. O-O
b6 9. Nc3 Bb7 10. h3 Ba6 11. Bxa6 Nxa6 12. Qe2 Nb8 13. Bf4 Nh5 14. Bh2 Bxd4 15.
Nxd4 Qxd4 16. Nd5 Nd7 17. Rfd1 Qc5 18. b4 Qc6 19. Nxe7+ 1-0

[Event "Challenge"]
[Site "http://www.queenalice.com/game.php?id=1850015"]
[Date "2025.1.9"]
[Round "-"]
[White "jogo"]
[Black "Arnoldus"]
[Result "0-1"]
[WhiteElo "2027"]
[BlackElo "2095"]

1. e4 d5 2. Nf3 dxe4 3. Ng5 Bf5 4. Bc4 e6 5. h4 h6 6. Nh3 Qxh4 7. d4 exd3 8.
Bxd3 Bg4 9. Be2 Nf6 10. Bxg4 Qxg4 11. Qxg4 Nxg4 12. f3 Ne5 13. Bf4 Nbc6 14. a3
Nd4 15. Bxe5 Nxc2+ 16. Kd2 Nxa1 17. b4 O-O-O+ 18. Kc1 Nb3+ 19. Kc2 Nd4+ 20. Kc3
Nc6 21. Bf4 g5 22. Be3 Bg7+ 23. Kc2 Nd4+ 24. Bxd4 Rxd4 25. Rd1 g4 26. Rxd4 Bxd4
27. Nf4 gxf3 28. gxf3 h5 29. Kd3 Bg7 30. Ke2 h4 31. Nh3 Bb2 32. Kd2 Rg8 33. Nf4
Be5 34. Ke3 Bxf4+ 35. Kxf4 h3 0-1

[Event "Challenge"]
[Site "http://www.queenalice.com/game.php?id=1850524"]
[Date "2025.1.18"]
[Round "-"]
[White "jogo"]
[Black "Arnoldus"]
[Result "0-1"]
[WhiteElo "2001"]
[BlackElo "2106"]

1. e4 d5 2. exd5 Qxd5 3. Nc3 Qd8 4. d4 Nf6 5. Bb5+ c6 6. Bc4 Bg4 7. f3 Bc8 8. g4
e6 9. g5 Nd5 10. Nxd5 cxd5 11. Bb5+ Bd7 12. Bxd7+ Qxd7 13. a3 Qb5 14. Qe2 Qa5+
15. Bd2 Qb6 16. Bc3 Nc6 17. O-O-O Bd6 18. Qd2 Qc7 19. Ne2 b5 20. h4 a5 21. f4 b4
22. axb4 axb4 23. b3 bxc3 24. Qxc3 Bb4 25. Qd3 O-O 26. c3 Ra2 27. Kb1 Qa5 28.
cxb4 Nxb4 29. Qc3 Ra8 0-1

[Event "Challenge"]
[Site "http://www.queenalice.com/game.php?id=1851194"]
[Date "2025.1.30"]
[Round "-"]
[White "jogo"]
[Black "Arnoldus"]
[Result "0-1"]
[WhiteElo "1989"]
[BlackElo "2115"]

1. e4 d5 2. exd5 Qxd5 3. Nc3 Qd8 4. d4 Nf6 5. h3 e6 6. Bg5 Bb4 7. a3 Bxc3+ 8.
bxc3 c5 9. Nf3 Qa5 10. Qd2 Ne4 11. Qd3 Nxc3 12. Bd2 Na6 13. Bxc3 Qa4 14. O-O-O
Bd7 15. Bb2 f6 16. dxc5 Nxc5 17. Qc4 Rc8 18. Qxa4 Bxa4 19. Nd4 e5 20. Bb5+ Kf7
21. Bc4+ Kf8 22. Ne2 Ne4 23. Bd3 Nxf2 24. Nc3 Nxh1 25. Nxa4 Nf2 26. Rd2 Nxd3+
27. Rxd3 Ke7 28. Nc3 Rc4 29. Nd5+ Ke6 30. Ne3 Re4 31. g4 h5 32. Nf5 hxg4 33.
hxg4 Rxg4 34. Ne3 Rg3 35. Kd2 Rh2+ 36. Ke1 Rg1+ 37. Nf1 Rxc2 38. Rd2 Rxd2 39.
Kxd2 Rxf1 40. Ke2 Rf5 41. Bc1 g5 0-1

[Event "AUTO-MASTER-3253"]
[Site "http://www.queenalice.com/game.php?id=1852325"]
[Date "2025.2.16"]
[Round "1"]
[White "Arnoldus"]
[Black "princesher"]
[Result "1-0"]
[WhiteElo "2124"]
[BlackElo "2012"]

1. d4 d5 2. c4 e6 3. Nc3 dxc4 4. e3 Bb4 5. Qa4+ Nc6 6. Bxc4 Bxc3+ 7. bxc3 a6 8.
Nf3 b5 9. Bxb5 Ne7 10. Bxc6+ Nxc6 11. Qxc6+ Bd7 12. Qc5 f6 13. Ba3 c6 14. O-O g5
15. Nxg5 fxg5 16. f4 g4 17. Qh5# 1-0

[Event "AUTO-MASTER-3253"]
[Site "http://www.queenalice.com/game.php?id=1852326"]
[Date "2025.2.16"]
[Round "1"]
[White "princesher"]
[Black "Arnoldus"]
[Result "0-1"]
[WhiteElo "1993"]
[BlackElo "2133"]

1. e4 d5 2. h3 dxe4 3. Bb5+ c6 4. Ba4 Na6 5. c3 Nc5 6. Ne2 Nd3+ 7. Kf1 Qb6 8.
Nd4 e5 9. Bc2 exd4 10. Bxd3 exd3 11. c4 Bb4 12. a3 Be7 13. b4 Be6 14. c5 Qa6 15.
Bb2 Qc4 16. g4 h5 17. f3 hxg4 18. fxg4 Qd5 19. Rh2 Bh4 20. Kg1 Bg3 21. Rh1 Qxh1+
22. Kxh1 Bd5+ 23. Kg1 Rxh3 24. Qa4 Rh1# 0-1